000 00443nam a22001577a 4500
999 _c3383
_d3383
008 200610b ||||| |||| 00| 0 eng d
020 _a003057593
082 0 0 _a629.8312
_bH831
245 1 0 _aDesign of feedback control system /
_cby G. H. Hostetter...[et al.]
250 _a1st ed.
260 _aNew York
_bHolt-saunders
_c1982
300 _axvi, 541 p.
650 0 _aFeedback control systems
700 _92824
_aHostetter, G. H.
942 _cBK